La transición del Románico al Gótico.
Guardado en:
| Formato: | |
|---|---|
| Materias: | |
| Etiquetas: |
Agregar Etiqueta
Sin Etiquetas, Sea el primero en etiquetar este registro!
|
| LEADER | 00888ngm a22002175g 4500 | ||
|---|---|---|---|
| 001 | CEM.cems022247 | ||
| 008 | 130507b1996##################0###0#####d | ||
| 005 | 20241014180901.0 | ||
| 245 | 0 | 0 | |a La transición del Románico al Gótico. |
| 300 | |a 25'. | ||
| 500 | |a En soporte VHS, consultar en ventanilla. | ||
| 505 | 0 | |a Arcos ojivales. Bóvedas. Monasterios cistercienses. Arquitectura gótica. Arco de medio punto por el ojival. Bóveda de crucería. Arcos arbotantes. Arquitectura gótica en León y Castilla: iglesias y catedrales. Gótico flamígero. | |
| 538 | |a Soporte: VHS - Norma: Pal N - Color - Grabación DRD 1996 - Hitachi=3015 | ||
| 082 | 7 | 0 | |/ SCH |
| 653 | |a ARQUITECTURA | ||
| 653 | |a ROMANICO | ||
| 653 | |a GOTICO | ||
| 653 | |a CATEDRALES | ||
| 653 | |a NIVEL PRIMARIO | ||
| 653 | |a NIVEL SECUNDARIO | ||
| 859 | |a CEMS |b BIB. CEMS - Depto. Recursos Didacticos |h 708 |i SCH |k DRD |p 890.12 |t Ej.1 | ||
